| 000 | 00965cam a2200229 4500 | ||
|---|---|---|---|
| 008 | 040426n2002 000 0 eng u | ||
| 020 | _a0117028576 | ||
| 035 | _a(Sirsi) u125949 | ||
| 041 | _aeng | ||
| 050 |
_a692.5 _c18 |
||
| 110 |
_aCarillion Services _93856 |
||
| 245 |
_aPSA schedule of rates for property management _bcomposite items for maintenance, repair and improvement works |
||
| 260 |
_aLondon _bTSO _c2002 |
||
| 300 |
_a544p. _c31cm. |
||
| 350 | _a185 | ||
| 490 | _aPSA Schedule of Rates | ||
| 520 | _aThis new composite items schedule of rates contains tasks built-up from the individual items of work involved in carrying out the task. Covers all aspects of internal and external work including: groundwork; building repairs; finishes; landscaping; disposal systems; and heating and ventilation systems. | ||
| 650 | _aSCHEDULE OF RATES | ||
| 650 |
_aProperty management _96262 |
||
| 690 | _aBUILT ENVIRONMENT-BUILDING COSTS | ||
| 942 | _n0 | ||
| 999 |
_c103520 _d103520 |
||